| LEADER 00000nam 2200000uu 4500 |
| 001 214249 |
| 003 ULIBM |
| 008 241024s||||||||th 000 0 tha d |
| 020 ^a978-0-323-87049-8
|
| 040 ^abcnkk
|
| 041 ^aeng
|
| 060 04 ^aWY105^bL434 2023
|
| 245 10 ^aLeadership development for nurses and midwives /^ceditedby Gemma Stacey and Greta Westwood
|
| 250 ^a1st ed.
|
| 260 ^aAmsterdam:^bElsevier,^c2023
|
| 300 ^axiii, 151 p. :^bill. ;^c23 cm.
|
| 504 ^aIncludes bibliographical references and index
|
| 650 0 ^aEducation, Nursing, Continuing
|
| 650 0 ^aLeadership
|
| 650 2 ^aNurses Instruction
|
| 650 2 ^aNursing^xorganization & administration
|
| 650 2 ^aNursing, Supervisory
|
| 650 2 ^aNurse Midwives
|
| 700 1 ^aStacey, Gemma,^eed.
|
| 700 1 ^aWestwood, Greta,^eed.
|
| 710 2 ^aFlorence Nightingale Foundation
|
| 999 ^aใช้งานได้ทุกระบบ
|